| 000 | 00780 a2200217 4500 | ||
|---|---|---|---|
| 010 | _aENG-88540 | ||
| 020 |
_a8182202000 _c680.00 |
||
| 035 | _aEN-72073 | ||
| 037 | _bDBAD / PUB | ||
| 082 | 1 | 4 | _a338.06019 |
| 090 |
_c8825 _d8825 |
||
| 100 | 1 | _aAshok Pratap Singh | |
| 245 | 1 |
_aPshychological implications in industrial performance/ _cby Ashok Pratap Singh [and] Patiraj Kumari |
|
| 260 |
_aNew Delhi _bGlobal Vision Publishing House _c2007 |
||
| 270 |
_a20, Ansari Road, Daryaganj _bNew Delhi _e110 002 |
||
| 300 |
_axii, 290p. _c22cm (Hb.) |
||
| 500 | _aIncludes bibliographical references and index | ||
| 700 | _aPatiraj Kumari | ||
| 942 |
_adpl _cEN _k338.06019 / ASH |
||
| 999 |
_c8665 _d8665 |
||